Science Quiz

Random Science Quiz
Score 0/28 Timer 10:00
0 Plays Today
Hint Answer % Correct
9Basilar artery
73.1%
4Internal carotid artery
70%
3Anterior cerebral artery
69.7%
6Posterior communicating artery
69%
16Vertebral artery
68.4%
5Middle cerebral artery
66.8%
7Posterior cerebral artery
66.7%
1Anterior communicating artery
63.7%
25Optic chiasm
61.5%
17Posterior inferior cerebellar artery
57.3%
8Superior cerebellar artery
54.8%
28Olfactory bulb
54.7%
15Anterior spinal artery
52.6%
19Anterior inferior cerebellar artery
49.8%
Hint Answer % Correct
27Olfactory tract
45.2%
26Optic nerve (CN II)
38.6%
24Infundibulum
38.4%
21Trigeminal nerve (CN V)
38%
23Trochlear nerve (CN IV)
35.8%
11Facial nerve (CN VII)
34.7%
13Vagus nerve (CN X)
34.2%
10Abducens nerve (CN VI)
34%
22Oculomotor nerve (CN III)
33.5%
2Olfactory nerve (CN I)
33.4%
18Hypoglossal nerve (CN XII)
31.3%
14Spinal accessory nerve (CN XI)
30.5%
12Glossopharyngeal nerve (CN IX)
29.3%
20Vestibulocochlear nerve (CN VIII)
29.3%

You're not logged in!

Compare scores with friends on all Sporcle quizzes.
OR
Log In

Sporcle TV

Today on Sporcle TV


Watch our educational content, quiz creation guides, and fun videos on Sporcle TV.

Show Comments

Extras

Created Sep 28, 2013ReportNominate
Tags:circle

Top Quizzes Today


Score Distribution

Paid Content

Your Account Isn't Verified!

In order to create a playlist on Sporcle, you need to verify the email address you used during registration. Go to your Sporcle Settings to finish the process.

Report this User

Report this user for behavior that violates our Community Guidelines.

Details: